| 000 | 00384nam a2200145Ia 4500 | ||
|---|---|---|---|
| 008 | 230917s9999||||xx |||||||||||||| ||und|| | ||
| 040 |
_e200483 _aMAIN |
||
| 041 | _aEnglish | ||
| 082 | _a823.08 M474G | ||
| 100 | _aMehrotra, Madhu | ||
| 245 | 0 | _aGems of short fiction: An anthology of short stories | |
| 260 |
_aHyderabad _bOrient Blackswan _c2011 |
||
| 300 | _a90 p. | ||
| 942 | _cBK | ||
| 999 |
_c170475 _d170475 |
||